Working with violent families : a guide for clinical and legal practitioners /

Bibliographic Details
Main Author: Bolton, Frank G.
Other Authors: Bolton, Susan R.
Format: Book
Language:English
Published: Newbury Park, Calif. : Sage Publications, [1987]
Subjects:

MARC

Tag First Indicator Second Indicator Subfields
LEADER 00000cam a2200000 a 4500
001 in00000015018
005 20151007052942.0
008 860527s1987 cau b 00010 eng
010 |a  86013510  
020 |a 0803925867 
020 |a 0803925875 (pbk.) 
035 |a (OCoLC)13762031 
035 |9 AAA9825AM 
040 |a DLC  |c DLC  |d TXA  |d UtOrBLW 
043 |a n-us--- 
049 |a TXAM  |c [A11487246] 
050 0 0 |a HQ809.3.U5  |b B65 1987 
082 0 |a 362.8/2  |2 19 
100 1 |a Bolton, Frank G. 
245 1 0 |a Working with violent families :  |b a guide for clinical and legal practitioners /  |c Frank G. Bolton and Susan R. Bolton. 
264 1 |a Newbury Park, Calif. :  |b Sage Publications,  |c [1987] 
264 4 |c ©1987 
300 |a 437 pages ;  |c 23 cm. 
336 |a text  |b txt  |2 rdacontent 
337 |a unmediated  |b n  |2 rdamedia 
338 |a volume  |b nc  |2 rdacarrier 
504 |a Bibliography: pages 389-435. 
650 0 |a Family violence  |z United States. 
650 0 |a Family violence  |x Law and legislation  |z United States. 
650 0 |a Family counseling  |z United States. 
700 1 |a Bolton, Susan R. 
999 |a MARS 
999 f f |s 3c8b76f2-7886-37bf-a50a-e48c4d9a7bfe  |i f79505ff-cfcb-3b15-b270-008beb9e9913  |t 0 
952 f f |p ric  |a Texas A&M University  |b Rellis Campus  |c Joint Library Facility  |d Remote Storage  |t 0  |e HQ809.3.U5 B65 1987  |h Library of Congress classification  |i unmediated -- volume  |m A14811487246 
998 f f |a HQ809.3.U5 B65 1987  |t 0  |l Remote Storage